တႃႇၼဢယေးသထေးသၢၵ်ႈသေႇ / (Record no. 27652)

000 -LEADER
fixed length control field 01001nam a22002297a 4500
003 - CONTROL NUMBER IDENTIFIER
control field OSt
005 - DATE AND TIME OF LATEST TRANSACTION
control field 20260123084921.0
008 - FIXED-LENGTH DATA ELEMENTS--GENERAL INFORMATION
fixed length control field 230727b ||||| |||| 00| 0 eng d
040 ## - CATALOGING SOURCE
Transcribing agency SSBUL
041 ## - LANGUAGE CODE
Language code of text/sound track or separate title Shan
082 ## - DEWEY DECIMAL CLASSIFICATION NUMBER
Classification number 495.9191
100 ## - MAIN ENTRY--PERSONAL NAME
Personal name ငိုၼ်းယွတ်ႈ
Titles and words associated with a name ၶိင်း၊ မေႃလိၵ်ႈ (မိူင်းယူႉ)
245 ## - TITLE STATEMENT
Title တႃႇၼဢယေးသထေးသၢၵ်ႈသေႇ /
Statement of responsibility, etc. မေႃလိၵ်ႈၶိင်းငိုၼ်းယွတ်ႈ (မိူင်းယူႉ)
260 ## - PUBLICATION, DISTRIBUTION, ETC.
Place of publication, distribution, etc. တႃႈၵုင်ႈ
Name of publisher, distributor, etc. ၵတ်း
Date of publication, distribution, etc. 2006
300 ## - PHYSICAL DESCRIPTION
Extent 161 ၼႃႈ
Dimensions 22 ၸိၼ်ႇထီႇ
500 ## - GENERAL NOTE
General note ပပ်ႉၸဝ်ႈတႃႇၼႁင်းၶေႃ တွၵ်ႉတိူဝ်ႇၸၢႆးဢွင်ႇထုၼ်းလူႇတၢၼ်းဝႆႉ။
General note S-SAT: Dr. Prof Sai Aung Tun
650 ## - SUBJECT ADDED ENTRY--TOPICAL TERM
Topical term or geographic name entry element လင်ႇၵႃႇတႆး
942 ## - ADDED ENTRY ELEMENTS (KOHA)
Koha item type Book (Short term)
100 ## - MAIN ENTRY--PERSONAL NAME
9 (RLIN) 28524
650 ## - SUBJECT ADDED ENTRY--TOPICAL TERM
9 (RLIN) 24247
Source of classification or shelving scheme
Source of classification or shelving scheme
Holdings
Withdrawn status Lost status Source of classification or shelving scheme Damaged status Not for loan Collection Code Permanent Location Current Location Shelving location Date acquired Total Checkouts Full call number Barcode Date last seen Date last checked out Copy number Price effective from Koha item type Accession
          Special Collections Shan State Buddhist University Library Shan State Buddhist University Library Special Collection Shelves 27/07/2023 1 495.9191 ငိုၼ်း ႒႔႖႙ S-SAT SH00002469 26/07/2024 23/07/2024 1 27/07/2023 Book (Short term) ႒႔႖႙ S-SAT

Library - 09407999929
Admin Office - 09407999979
Dean Office - 09250910768
Registrar Office - 09892297154
Email - [email protected]
Shan State Buddhist University, Phaya Phyu Taunggyi, Shan State, Myanmar.